000
00290nam a22001217a 4500
008
180308b xxu||||| |||| 00| 0 eng d
041
_a
eng
080
_a
61
100
_a
2
101
_a
INF
245
_a
DIAGNOSTIC AN STATISTICAL MANUAL MENTAL DISORDERS
_c
JANET.B.W
942
_2
udc
_c
BK
999
_c
44506
_d
44506